Argentinian Presidents Quiz - Statistics

General Stats
  • This quiz has been taken 62 times
  • The average score is 30 of 54
Answer Stats
Hint Answer % Correct
2023- Javier Milei
97%
2007-2015 Cristina Fernández de Kirchner
94%
1946-1955 Juan Domingo Perón
94%
1973-1974 Juan Domingo Perón
94%
2019-2023 Alberto Fernández
90%
1974-1976 María Estela Martínez de Perón
90%
2003-2007 Néstor Kirchner
90%
1989-1999 Carlos Menem
87%
2015-2019 Mauricio Macri
87%
1976-1981 Jorge Rafael Videla
81%
1868-1874 Domingo Faustino Sarmiento
74%
1983-1989 Raúl Alfonsín
74%
1999-2001 Fernando de la Rúa
71%
2002-2003 Eduardo Duhalde
68%
1860-1886 Julio Argentino Roca
65%
1898-1904 Julio Argentino Roca
65%
1861-1868 Bartolomé Mitre
61%
1981-1982 Leopoldo Fortunato Galtieri
61%
1963-1966 Arturo Umberto Illia
58%
1826-1827 Bernardino Rivadavia
58%
1973 Héctor José Cámpora
58%
1895-1898 José Evaristo Uriburu
58%
1916-1922 Hipólito Yrigoyen
55%
1928-1930 Hipólito Yrigoyen
55%
1930-1932 José Félix Uriburu
55%
1854-1860 Justo José de Urquiza
55%
1922-1928 Marcelo Torcuato de Alvear
55%
1958-1962 Arturo Frondizi
52%
1966-1970 Juan Carlos Onganía
52%
1892-1895 Luis Sáenz Peña
52%
1910-1914 Roque Sáenz Peña
52%
2001 Adolfo Rodríguez Saá
48%
1874-1880 Nicolás Avellaneda
48%
1955-1958 Pedro Eugenio Aramburu
48%
1982-1983 Reynaldo Bignone
48%
1981 Roberto Eduardo Viola
48%
1971-1973 Alejandro Agustín Lanusse
42%
1890-1892 Carlos Pellegrini
39%
1944-1946 Edelmiro Julián Farrell
39%
1860-1861 Santiago Derqui
39%
1932-1938 Agustín Pedro Justo
35%
1962-1963 José María Guido
35%
1886-1890 Miguel Juárez Celman
35%
1970-1971 Roberto Marcelo Levingston
35%
1943-1944 Pedro Pablo Ramírez
32%
1914-1916 Victorino de la Plaza
32%
1973 Raúl Alberto Lastiri
29%
1827 Vicente López y Planes
29%
1906-1910 José Figueroa Alcorta
26%
1904-1906 Manuel Quintana
26%
1861 Juan Esteban Pedernera
26%
1942-1943 Ramón Castillo
26%
1955 Eduardo Lonardi
23%
1938-1942 Roberto Marcelino Ortiz
23%
No matching quizzes found
Score Distribution
Percent of People with Each Score
Percentile by Number Answered
Your Score History
You have not taken this quiz